[Event "Mittelfranken Landesliga Nord 2223"]
[Site "Mittelfranken"]
[Date "2023.04.23"]
[Round "9.6"]
[White "Redzepovic, Irfan"]
[Black "Hetzner, Hannes"]
[Result "1/2-1/2"]
[WhiteElo "2020"]
[BlackElo "2010"]
[PlyCount "130"]
[EventDate "2022.10.09"]
[EventType "team-tourn"]
[EventRounds "9"]
[EventCountry "GER"]
[SourceTitle "EXT 2024"]
[Source "ChessBase"]
[SourceDate "2023.10.10"]
[SourceVersion "1"]
[SourceVersionDate "2023.10.10"]
[SourceQuality "1"]
[WhiteTeam "Nuernberg Sued SW"]
[BlackTeam "Erlangen II"]
[WhiteTeamCountry "GER"]
[BlackTeamCountry "GER"]

1. d4 Nf6 2. c4 e6 3. g3 d5 4. Nf3 Be7 5. Bg2 0-0 6. Qc2 a6 7. Bf4 dxc4 8. Qxc4 Nd5 9. Bd2 b5 10. Qc2 Bb7 11. Nc3 Nf6 12. Rd1 Nbd7 13. Be3 Nb6 14. 0-0 b4 15. Nb1 Be4 16. Qc1 Nbd5 17. Ne5 Bxg2 18. Kxg2 Nxe3+ 19. fxe3 Qd5+ 20. Rf3 Qxa2 21. Nc6 Rfe8 22. Nd2 Qd5 23. Qc2 Qb5 24. Rdf1 Qxe2+ 25. R1f2 Qb5 26. h3 Bd6 27. e4 e5 28. Rf5 Re6 29. Nf1 b3 30. Qb1 Qxc6 31. d5 Qb7 32. dxe6 fxe6 33. Rxf6 gxf6 34. Rxf6 Qb6 35. Qd1 Kh8 36. Qf3 Qb4 37. Rf7 Be7 38. h4 Rg8 39. Nh2 Rg7 40. Kh3 Kg8 41. Rxg7+ Kxg7 42. Ng4 Qb5 43. Qe3 Kf7 44. Nh2 a5 45. Qh6 Ke8 46. Nf3 a4 47. Qxh7 a3 48. Qh5+ Kd7 49. bxa3 b2 50. Nd2 b1Q 51. Nxb1 Qf1+ 52. Kh2 Qxb1 53. Qxe5 Qa2+ 54. Kh3 Bxa3 55. h5 Bb2 56. Qb5+ c6 57. Qb7+ Kd6 58. Qb8+ Kc5 59. e5 Bc3 60. Qd6+ Kb5 61. Qb8+ Kc5 62. Qd6+ Kb5 63. Qb8+ Kc4 64. Qd6 Kb5 65. Qb8+ Kc5 1/2-1/2

[Event "Mittelfranken Landesliga Nord 2223"]
[Site "Mittelfranken"]
[Date "2023.02.05"]
[Round "6.7"]
[White "Redzepovic, Irfan"]
[Black "Mueller, Johannes2222"]
[Result "0-1"]
[WhiteElo "2020"]
[BlackElo "2018"]
[PlyCount "78"]
[EventDate "2022.10.09"]
[EventType "team-tourn"]
[EventRounds "9"]
[EventCountry "GER"]
[SourceTitle "EXT 2024"]
[Source "ChessBase"]
[SourceDate "2023.10.10"]
[SourceVersion "1"]
[SourceVersionDate "2023.10.10"]
[SourceQuality "1"]
[WhiteTeam "Nuernberg Sued SW"]
[BlackTeam "Kelheim"]
[WhiteTeamCountry "GER"]
[BlackTeamCountry "GER"]

1. d4 Nf6 2. c4 g6 3. Nc3 d5 4. Nf3 Bg7 5. Qb3 dxc4 6. Qxc4 0-0 7. e4 a6 8. Be2 b5 9. Qd3 Bb7 10. a3 c5 11. dxc5 Nbd7 12. Be3 Qc7 13. 0-0 Nxc5 14. Bxc5 Qxc5 15. Bd1 Rfd8 16. Qe2 Rac8 17. Bb3 e6 18. Rac1 b4 19. Na2 Qh5 20. Nxb4 a5 21. Rxc8 Rxc8 22. Nc2 Nxe4 23. Qe3 Nc5 24. Ncd4 e5 25. Ne2 Bxf3 26. gxf3 e4 27. Rb1 Qxf3 28. Bd5 Qf5 29. Ba2 h5 30. b4 axb4 31. axb4 Nd3 32. Ng3 Qg4 33. Qxe4 Nf4 34. Kh1 Rc2 35. Qa8+ Kh7 36. Bxf7 h4 37. Nf1 Nh3 38. Qg2 Nxf2+ 39. Kg1 Nh3+ 0-1

[Event "Mittelfrank Regionalliga Nord-Ost 2122"]
[Site "Mittelfranken"]
[Date "2021.11.14"]
[Round "2.1"]
[White "Redzepovic, Irfan"]
[Black "Scheremet, Michael"]
[Result "0-1"]
[WhiteElo "2063"]
[BlackElo "2202"]
[PlyCount "60"]
[EventDate "2021.10.24"]
[EventType "team-tourn"]
[EventRounds "9"]
[EventCountry "GER"]
[SourceTitle "EXT 2024"]
[Source "ChessBase"]
[SourceDate "2023.10.10"]
[SourceVersion "1"]
[SourceVersionDate "2023.10.10"]
[SourceQuality "1"]
[WhiteTeam "Nuernberg Sued SW II"]
[BlackTeam "Heng Postbauer"]
[WhiteTeamCountry "GER"]
[BlackTeamCountry "GER"]

1. d4 c5 2. d5 e5 3. dxe6 fxe6 4. e4 Nc6 5. Nc3 Nf6 6. Bg5 Be7 7. Bxf6 Bxf6 8. Qh5+ g6 9. Qxc5 d6 10. Qa3 0-0 11. 0-0-0 Be7 12. Nf3 a6 13. Nb1 Rb8 14. h4 b5 15. h5 g5 16. h6 e5 17. Be2 Be6 18. Rhf1 Rc8 19. Ne1 Nd4 20. Rxd4 exd4 21. Qxa6 Bc4 22. Bd3 Qc7 23. Na3 Qc5 24. f3 Rc6 25. Qb7 Rc7 26. Qa6 Kh8 27. Qa5 Ra7 28. Qd2 Be6 29. Nxb5 Rxa2 30. c4 Ra1+ 0-1

[Event "GER-ch Seniors 50 31st"]
[Site "Radebeul"]
[Date "2019.04.30"]
[Round "5"]
[White "Noack, Mario"]
[Black "Redzepovic, Irfan"]
[Result "0-1"]
[WhiteElo "1944"]
[BlackElo "2075"]
[PlyCount "70"]
[EventDate "2019.04.26"]
[EventType "swiss"]
[EventRounds "9"]
[EventCountry "GER"]
[SourceTitle "CBM 190 Extra"]
[Source "ChessBase"]
[SourceDate "2019.07.15"]
[SourceVersion "1"]
[SourceVersionDate "2019.07.15"]
[SourceQuality "1"]

1. c4 c5 2. g3 Nc6 3. Bg2 Nf6 4. Nc3 e6 5. e3 d5 6. cxd5 exd5 7. d4 Bg4 8. Qb3 c4 9. Qa4 a6 10. Nge2 b5 11. Qd1 b4 12. Nxd5 Nxd5 13. e4 Bxe2 14. Kxe2 Nxd4+ 15. Kf1 Nb6 16. Be3 Bc5 17. Qg4 0-0 18. Rd1 Ra7 19. Bg5 f6 20. Be3 Rd7 21. Bh3 c3 22. bxc3 bxc3 23. Kg2 f5 24. Qh5 g6 25. Qh6 Qa8 26. f3 Nc4 27. Bg5 Rb7 28. Rhe1 Rb2+ 29. Kh1 Nxf3 30. Bg2 Rxg2 31. Kxg2 Nxe1+ 32. Rxe1 fxe4 33. Kh3 Qc8+ 34. Kh4 Ne5 35. Rxe4 Nf3# 0-1

[Event "Landesliga Nord 1516"]
[Site "Bayern"]
[Date "2016.04.10"]
[Round "9.7"]
[White "Redzepovic, Irfan"]
[Black "Mirke, Roy"]
[Result "1-0"]
[WhiteElo "2053"]
[BlackElo "1987"]
[PlyCount "67"]
[EventDate "2015.10.11"]
[EventType "team-tourn"]
[EventRounds "9"]
[EventCountry "GER"]
[SourceTitle "EXT 2018"]
[Source "ChessBase"]
[SourceDate "2017.10.13"]
[SourceVersion "1"]
[SourceVersionDate "2017.10.13"]
[SourceQuality "1"]
[WhiteTeam "Nuernberg Sued SW"]
[BlackTeam "Bindlach Aktionaer II"]
[WhiteTeamCountry "GER"]
[BlackTeamCountry "GER"]

1. d4 Nf6 2. Nf3 g6 3. Nc3 d5 4. Bg5 Bg7 5. Bxf6 exf6 6. h4 f5 7. h5 c6 8. e3 Be6 9. Bd3 Nd7 10. Ne2 Qe7 11. c3 Nf6 12. Nf4 Ne4 13. Qb3 Rb8 14. c4 dxc4 15. Bxc4 Bxc4 16. Qxc4 g5 17. h6 Bxh6 18. Rxh6 gxf4 19. Ne5 fxe3 20. fxe3 f6 21. Ng6 Qg7 22. Qe6+ Kd8 23. Nxh8 Qg3+ 24. Kd1 Qf2 25. Qg8+ Kc7 26. Rxh7+ Kb6 27. Qb3+ Ka5 28. Qa3+ Kb5 29. Qd3+ Kb6 30. Rc1 Qxg2 31. Qe2 Nf2+ 32. Kc2 Qe4+ 33. Kc3 f4 34. Rh2 1-0

[Event "Landesliga Nord 1516"]
[Site "Bayern"]
[Date "2015.10.11"]
[Round "1.7"]
[White "Sonnenberg, Christoph"]
[Black "Redzepovic, Irfan"]
[Result "0-1"]
[WhiteElo "1892"]
[BlackElo "2053"]
[PlyCount "70"]
[EventDate "2015.10.11"]
[EventType "team-tourn"]
[EventRounds "9"]
[EventCountry "GER"]
[SourceTitle "EXT 2018"]
[Source "ChessBase"]
[SourceDate "2017.10.13"]
[SourceVersion "1"]
[SourceVersionDate "2017.10.13"]
[SourceQuality "1"]
[WhiteTeam "Rottendorf"]
[BlackTeam "Nuernberg Sued SW"]
[WhiteTeamCountry "GER"]
[BlackTeamCountry "GER"]

1. c4 e6 2. Nc3 Nf6 3. Nf3 d5 4. cxd5 exd5 5. d4 Be7 6. Bf4 0-0 7. e3 c6 8. Bd3 a5 9. h3 Na6 10. 0-0 b6 11. Ne5 Bb7 12. Rc1 c5 13. Nb5 Nb4 14. a3 Nxd3 15. Nxd3 c4 16. Ne5 a4 17. Nc3 Qe8 18. Ng4 b5 19. Nxf6+ Bxf6 20. Bd6 Be7 21. Bxe7 Qxe7 22. Nxb5 Bc6 23. Nc3 f5 24. Qf3 Qe6 25. Rce1 Rae8 26. Kh1 Rb8 27. Re2 Rb7 28. Rg1 Rfb8 29. Nd1 Rb3 30. Qf4 R8b7 31. g4 Bd7 32. Qg5 fxg4 33. Rxg4 Be8 34. Nc3 h6 35. Qxd5 Bc6 0-1

[Event "Pyramiden Franken Cup"]
[Site "Fuerth"]
[Date "2015.09.03"]
[Round "1"]
[White "Moenius, Oliver"]
[Black "Redzepovic, Irfan"]
[Result "1-0"]
[WhiteElo "1725"]
[BlackElo "2139"]
[PlyCount "71"]
[EventDate "2015.09.03"]
[EventType "swiss"]
[EventRounds "7"]
[EventCountry "GER"]
[SourceTitle "EXT 2016"]
[Source "ChessBase"]
[SourceDate "2015.10.08"]
[SourceVersion "1"]
[SourceVersionDate "2015.10.08"]
[SourceQuality "1"]

1. d4 d5 2. e3 Nf6 3. Bd3 c5 4. c3 Nc6 5. f4 e6 6. Nd2 Bd6 7. Ne2 Rb8 8. Nf3 b5 9. a4 b4 10. Bb5 Bd7 11. Ng3 Qa5 12. Bd2 a6 13. cxb4 Nxb4 14. Bxd7+ Nxd7 15. 0-0 Qb6 16. Bc3 0-0 17. Ng5 c4 18. Nh5 Qd8 19. e4 Bxf4 20. Rxf4 Qxg5 21. Bd2 Qe7 22. Qg4 f6 23. Bxb4 Rxb4 24. Re1 dxe4 25. Rfxe4 e5 26. Qg3 Rxb2 27. Nxg7 Kh8 28. Nf5 Qf7 29. Rg4 Rbb8 30. Rg7 Qh5 31. Rxd7 Rg8 32. Qf2 c3 33. Ne7 Qf7 34. Qf5 Rg5 35. Qh3 c2 36. Nc6 1-0

[Event "Regionalliga NO 1415"]
[Site "Bayern"]
[Date "2014.11.23"]
[Round "3.5"]
[White "Redzepovic, Irfan"]
[Black "Wallinger, Manfred"]
[Result "1-0"]
[WhiteElo "2053"]
[BlackElo "2051"]
[PlyCount "47"]
[EventDate "2014.10.19"]
[EventType "team-tourn"]
[EventRounds "9"]
[EventCountry "GER"]
[SourceTitle "EXT 2018"]
[Source "ChessBase"]
[SourceDate "2017.10.13"]
[SourceVersion "1"]
[SourceVersionDate "2017.10.13"]
[SourceQuality "1"]
[WhiteTeam "Nuernberg Sued SW II"]
[BlackTeam "Altensittenbach"]
[WhiteTeamCountry "GER"]
[BlackTeamCountry "GER"]

1. d4 d5 2. c4 c6 3. Nf3 e6 4. Qc2 Bd6 5. e4 dxe4 6. Qxe4 Nf6 7. Qc2 0-0 8. Bd3 Nbd7 9. Bg5 h6 10. Bh4 b6 11. Nc3 Bb7 12. 0-0-0 a6 13. Qe2 Qc7 14. Kb1 c5 15. Bc2 b5 16. d5 Rfe8 17. dxe6 Rxe6 18. Qd3 bxc4 19. Qxc4 Nb6 20. Qd3 c4 21. Qf5 g6 22. Qh3 g5 23. Nd4 Ree8 24. Bg3 1-0